00803cam a22002171 4500001001300000003000400013005001700017008004100034010001700075035001800092040002500110042001200135050001500147100002100162245023500183260002900418300002300447504004100470610004900511710002500560sa 65007155 DLC20260227112147.0731022s1964 ii b 000 0 eng  asa 65007155  a(OCoLC)721382 aDLCcOCUdOCoLCdDLC apremarc00aJQ533b.M31 aMarkandan, K. C.10aMadras Legislative Council: its Constitution and working between 1861 and 1909;bbeing a report, submitted to the Madras University, as a fellow in the Politics Department between October 1952 and October 1953,cby K.C. Markandan. aDelhi,bS. Chand,c1964. aii, 199 p.c23 cm. aIncludes bibliographical references.10aMadras (India : State).bLegislative Council2 aUniversity of Madras